Statistics for World Map without 5 Random Countries

Click here to take the quiz!

General Stats

  • This quiz has been taken 100 times
  • The average score is 4 of 5

Answers on the Map

Answers color-coded by a green-red scale on the quiz's map according to % correct below.
 

Answer Stats

country% Correct
Afghanistan
100%
Algeria
100%
Angola
100%
Argentina
100%
Armenia
100%
Austria
100%
Bahamas
100%
Belarus
100%
Benin
100%
Bolivia
100%
Botswana
100%
Brazil
100%
Bulgaria
100%
Burkina Faso
100%
Burundi
100%
Cameroon
100%
Central African Republic
100%
Chad
100%
Chile
100%
China
100%
Colombia
100%
Côte d'Ivoire
100%
Croatia
100%
Denmark
100%
Ecuador
100%
Egypt
100%
El Salvador
100%
Eritrea
100%
Eswatini
100%
Ethiopia
100%
Finland
100%
France
100%
Gabon
100%
Germany
100%
Ghana
100%
Greece
100%
Guatemala
100%
Guinea-Bissau
100%
Guyana
100%
India
100%
Iran
100%
Iraq
100%
Japan
100%
Jordan
100%
Kenya
100%
Kosovo
100%
Kyrgyzstan
100%
Laos
100%
Latvia
100%
Libya
100%
Mauritania
100%
Moldova
100%
Morocco
100%
Mozambique
100%
Myanmar
100%
Namibia
100%
Nepal
100%
Netherlands
100%
New Zealand
100%
Nicaragua
100%
Niger
100%
North Korea
100%
Oman
100%
Pakistan
100%
Panama
100%
Peru
100%
Poland
100%
Portugal
100%
Romania
100%
Russia
100%
Saudi Arabia
100%
Senegal
100%
Sierra Leone
100%
Slovenia
100%
Somalia
100%
South Africa
100%
South Korea
100%
Sri Lanka
100%
Sudan
100%
Suriname
100%
Sweden
100%
Switzerland
100%
Tajikistan
100%
Tanzania
100%
Togo
100%
Turkey
100%
Turkmenistan
100%
Uganda
100%
Ukraine
100%
United Kingdom
100%
United States
100%
Uzbekistan
100%
Venezuela
100%
Zambia
100%
Zimbabwe
100%
Lithuania
75%
Malawi
75%
Slovakia
75%
Vietnam
75%
Albania
67%
Palau
67%
Seychelles
67%
Taiwan
67%
Tonga
67%
Cabo Verde
50%
Cambodia
50%
Congo
50%
Estonia
50%
Fiji
50%
Guinea
50%
Haiti
50%
Kiribati
50%
Nigeria
50%
Papua New Guinea
50%
Samoa
50%
Azerbaijan
33%
Thailand
33%
Australia
0%
Bangladesh
0%
Belgium
0%
Belize
0%
Bosnia and Herzegovina
0%
Canada
0%
Comoros
0%
Costa Rica
0%
Cuba
0%
Czechia
0%
Dem Rep Congo
0%
Dominican Republic
0%
Equatorial Guinea
0%
Georgia
0%
Honduras
0%
Hungary
0%
Iceland
0%
Indonesia
0%
Ireland
0%
Israel
0%
Italy
0%
Jamaica
0%
Kazakhstan
0%
Kuwait
0%
Lesotho
0%
Liberia
0%
Madagascar
0%
Malaysia
0%
Maldives
0%
Mali
0%
Malta
0%
Marshall Islands
0%
Mauritius
0%
Mexico
0%
Micronesia
0%
Mongolia
0%
Nauru
0%
North Macedonia
0%
Norway
0%
Paraguay
0%
Philippines
0%
Rwanda
0%
São Tomé and Príncipe
0%
Serbia
0%
Solomon Islands
0%
South Sudan
0%
Spain
0%
Syria
0%
Tunisia
0%
Tuvalu
0%
United Arab Emirates
0%
Uruguay
0%
Vanuatu
0%
Yemen
0%

Score Distribution

Percentile by Number Answered

Percent of People with Each Score

Your Score History

You have not taken this quiz